Cultura jurídica / (Record no. 13093)

000 -CABECERA
fixed length control field 00773nam a22002297a 4500
003 - IDENTIFICADOR DEL NÚMERO DE CONTROL
control field AR-CdUCM
008 - DATOS DE LONGITUD FIJA--INFORMACIÓN GENERAL
fixed length control field 190410b ||||| |||| 00| 0 spa d
040 ## - FUENTE DE LA CATALOGACIÓN
Agencia/entidad que catalogó originalmente la obra MUNICIPALIDAD PROVINCIAL DEL CUSCO
Entidad que transcribió la catalogación BIBLIOTECA MUNICIPAL DEL CUSCO
082 ## - NÚMERO DE LA CLASIFICACIÓN DECIMAL DEWEY
No. de Clasificación C / 340.02 /
Notacion interna O65
100 ## - ENTRADA PRINCIPAL--NOMBRE DE PERSONA
Nombre Personal Octavio Linares, M.
245 ## - MENCIÓN DE TÍTULO
Título Cultura jurídica /
260 ## - PUBLICACIÓN, DISTRIBUCIÓN, ETC.
Lugar de publicación, distribución, etc. Cusco :
Nombre de la editorial, distribuidor, etc. Rozas,
Fecha de publicación, distribución, etc. 1968.
300 ## - DESCRIPCIÓN FÍSICA
Nº de Páginas Extensión 164 páginas ;
Dimensiones 22 cm.
440 ## - MENCIÓN DE SERIE/PUNTO DE ACCESO ADICIONAL--TÍTULO
Título Órgano del circulo de cultura jurídica
Número de la parte/sección de una obra 1
9 (RLIN) 31128
505 ## - NOTA DE CONTENIDO CON FORMATO
Nota de contenido formateada Contenido : Doctrina -- Legislación y jurisprudencia -- Actividades jurídicas ...
650 ## - PUNTO DE ACCESO ADICIONAL DE MATERIA--TÉRMINO DE MATERIA
Descriptor Cultura
9 (RLIN) 126
650 ## - PUNTO DE ACCESO ADICIONAL DE MATERIA--TÉRMINO DE MATERIA
Descriptor Jurídica
9 (RLIN) 22814
650 ## - PUNTO DE ACCESO ADICIONAL DE MATERIA--TÉRMINO DE MATERIA
Descriptor Cusco
9 (RLIN) 772
700 ## - PUNTO DE ACCESO ADICIONAL--NOMBRE DE PERSONA
Nombre Personal Barrionuevo Sanchez, Armando
9 (RLIN) 31129
942 ## - ELEMENTOS DE PUNTO DE ACCESO ADICIONAL (KOHA)
Fuente de clasificación
Tipo de item Libros-BMC
945 ## - PROCESAMIENTO DE INFORMACIÓN LOCAL (OCLC)
Catalogador wfj
AAAA-MM-DD - Fecha de ingreso o modificacion 2019-04-11
Holdings
Estado de retiro (separado) Fuente de clasificación o esquema de estanterías Estado dañado Ubicación Sala donde se ubica Nombre de la colección Fecha de adquisición o compra Costo, precio normal en soles Signatura topográfica Código de Barras Última vez visto (Koha) Tipo de ítem (Koha) Número de Ejemplar
No     Sala Cusco Antiguo Sala Cusco Antiguo Book Cart 2019-04-11 30.00 C / 340.02 / O65 SCA0002705 2019-04-11 Libros-BMC  
No     Sala Cusco Antiguo Sala Cusco Antiguo Book Cart 2019-04-11 30.00 C / 340.02 / O65 /e.2 SCA0002706 2019-04-11 Libros-BMC  
No     Sala Cusco Antiguo Sala Cusco Antiguo Book Cart 2019-04-11 30.00 C / 340.02 / O65 / e.3 SCA0002631 2019-04-11 Libros-BMC e.3
No     Sala Cusco Antiguo Sala Cusco Antiguo Book Cart 2019-04-11 30.00 C / 340.02 / O65 / e.4 SCA0003384 2019-04-26 Libros-BMC  

Powered by Koha